Wiedźmin 3 - Wszystkie karty do Gwinta - Statystyki

Ogólne statystyki
  • Ten quiz został rozwiązany 255 razy
  • Średni wynik to 36 z 176
Statystyki odpowiedzi
Frakcja Nazwa karty % Poprawnych
Neutralne (bohaterowie) Geralt z Rivii
95%
Neutralne (bohaterowie) Ciri
93%
Neutralne (bohaterowie) Yennefer z Vengerbergu
89%
Neutralne (bohaterowie) Triss Merigold
86%
Królestwa Północy Ves
76%
Królestwa Północy (bohater) Vernon Roche
70%
Królestwa Północy Biedna Pierdolona Piechota
67%
Neutralne Vesemir
67%
Neutralne Zoltan Chivay
66%
Neutralne Jaskier
64%
Neutralne Ulewny deszcz
57%
Królestwa Północy Talar
54%
Neutralne Trzaskający mróz
52%
Królestwa Północy Katapulta
51%
Neutralne (bohaterowie) Avallac'h
50%
Neutralne Gęsta mgła
49%
Neutralne Pożoga
49%
Królestwa Północy (bohater) Jan Natalis
47%
Potwory Ghul
46%
Królestwa Północy Keira Metz
45%
Neutralne Manekin do ćwiczeń
43%
Królestwa Północy Trebusz
43%
Skellige (bohater) Cerys an Craite
41%
Cesarstwo Nilfgaardu (bohater) Letho z Gulety
41%
Neutralne Czyste niebo
40%
Neutralne Emiel Regis Rohellec Terzieff-Godefroy
40%
Skellige (bohater) Hjalmar Krzywogęby
40%
Potwory Nekker
40%
Królestwa Północy Balista
38%
Skellige (przywódca) Crach an Craite
36%
Królestwa Północy (bohater) Filippa Eilhart
36%
Królestwa Północy Sigismund Dijkstra
36%
Potwory Wampiry: Bruxa
36%
Cesarstwo Nilfgaardu Fringilla Vigo
35%
Neutralne Gaunter o'Dim
34%
Skellige (bohater) Myszowór
34%
Neutralne Róg dowódcy
34%
Potwory (bohater) Leszy
33%
Potwory Wampiry: Katakan
32%
Potwory Bies
30%
Potwory Gryf
30%
Potwory (bohater) Imlerith
30%
Potwory Krabopająk
30%
Scoia'tael (bohater) Iorweth
28%
Neutralne Krowa
28%
Królestwa Północy Yarpen Zigrin
27%
Potwory Wampiry: Fleder
26%
Neutralne Olgierd von Everec
25%
Potwory Wiedźma Kuchta
25%
Potwory Żywiołak ognia
25%
Potwory Harpia
24%
Królestwa Północy Stennis
24%
Potwory Wiedźma Prządka
24%
Królestwa Północy Wieża Oblężnicza
24%
Potwory Wilkołak
24%
Potwory Żywiołak ziemi
24%
Królestwa Północy Komandos Niebieskich Pasów
23%
Skellige (przywódca) Król Bran
22%
Potwory Wiedźma Szepciucha
22%
Potwory (bohater) Kejran
21%
Królestwa Północy Redański Piechur
20%
Cesarstwo Nilfgaardu Stefan Skellen
20%
Potwory Wampiry: Garkain
20%
Scoia'tael Milva
19%
Królestwa Północy (bohater) Esterad Thyssen
18%
Neutralne Gaunter O'Dim: Cień
18%
Królestwa Północy Sheala de Tancarville
18%
Potwory Wiwerna
18%
Skellige Berserker
17%
Potwory Kuroliszek
17%
Potwory Mglak
17%
Cesarstwo Nilfgaardu Nilfgaardzki łucznik
17%
Królestwa Północy Rębacze z Crinfrid
17%
Królestwa Północy Sabrina Glevissig
17%
Neutralne Villentretenmerth
17%
Królestwa Północy (przywódca) Zdobywca
17%
Królestwa Północy Zygfryd z Denesle
17%
Potwory (bohater) Draug
16%
Cesarstwo Nilfgaardu (bohater) Morvran Voorhis
16%
Królestwa Północy (przywódca) Król Temerii
15%
Potwory Poroniec
15%
Potwory Wampiry: Ekkima
15%
Cesarstwo Nilfgaardu Cahir Mawr Dyffryn aep Ceallach
14%
Królestwa Północy (przywódca) Dowódca Północy
14%
Scoia'tael (bohater) Eithné
14%
Potwory Królewicz ropuch
14%
Potwory Lodowy gigant
14%
Potwory Przeraza
14%
Potwory Widłogon
14%
Potwory Baba cmentarna
13%
Cesarstwo Nilfgaardu (przywódca) Cesarz Nilfgaardu
13%
Królestwa Północy (bohater) Filippa Eilhart
13%
Skellige Lugos Szalony
13%
Cesarstwo Nilfgaardu (przywódca) Biały Płomień Tańczący na Kurhanach Wrogów
12%
Królestwa Północy Detmold
12%
Potwory Endriaga
12%
Scoia'tael Havekarskie wsparcie
12%
Królestwa Północy Medyczka Burej Chorągwi
12%
Królestwa Północy Mistrz Oblężeń z Kaedwen
12%
Cesarstwo Nilfgaardu Młody emisariusz
12%
Cesarstwo Nilfgaardu (przywódca) Pan Południa
12%
Cesarstwo Nilfgaardu Vattier de Rideaux
12%
Cesarstwo Nilfgaardu Wsparcie łuczników
12%
Potwory Gargulec
11%
Potwory (przywódca) Król Dzikiego Gonu
11%
Cesarstwo Nilfgaardu (bohater) Menno Coehoorn
11%
Scoia'tael (przywódca) Najpiękniejsza kobieta na świecie
11%
Cesarstwo Nilfgaardu Shilard Fitz-Oesterlen
11%
Cesarstwo Nilfgaardu Wielki Ognisty Skorpion
11%
Scoia'tael (bohater) Isengrim Faoiltiarna
10%
Scoia'tael Toruviel
10%
Cesarstwo Nilfgaardu Assire var Anahid
9%
Skellige Birna Bran
9%
Scoia'tael Havekarski medyk
9%
Skellige Lugos Siny
9%
Potwory Olbrzymi krabopająk
9%
Królestwa Północy Sheldon Skaggs
9%
Królestwa Północy (przywódca) Syn Medella
9%
Cesarstwo Nilfgaardu Wsparcie oblężnicze
9%
Królestwa Północy (przywódca) Żelazny władca
9%
Cesarstwo Nilfgaardu Zerrikański Ognisty Skorpion
9%
Potwory (przywódca) Dowódca Czerwonych Jeźdźców
8%
Scoia'tael Elfi harcownik
8%
Scoia'tael Ida Emean aep Sivney
8%
Cesarstwo Nilfgaardu (przywódca) Jeż z Erlenwaldu
8%
Scoia'tael (przywódca) Królowa Dol Blathanna
8%
Scoia'tael Obrońcy Mahakamu
8%
Cesarstwo Nilfgaardu Saper
8%
Scoia'tael (przywódca) Stokrotka z Dolin
8%
Cesarstwo Nilfgaardu (bohater) Tibor Eggebracht
8%
Potwory (przywódca) Władca Tir ná Lia
8%
Cesarstwo Nilfgaardu Cynthia
7%
Cesarstwo Nilfgaardu Kawaleria Nauzicaa
7%
Potwory Morowa dziewica
7%
Cesarstwo Nilfgaardu Rainfarn
7%
Scoia'tael (bohater) Saesenthessis
7%
Scoia'tael Yaevinn
7%
Potwory (przywódca) Zabójca Auberona
7%
Scoia'tael Dennis Cranmer
6%
Scoia'tael (przywódca) Elfka czystej krwi
6%
Skellige Lekki drakkar
6%
Cesarstwo Nilfgaardu (przywódca) Najeźdźca Północy
6%
Cesarstwo Nilfgaardu Puttkammer
6%
Cesarstwo Nilfgaardu Albrich
5%
Scoia'tael Barclay Els
5%
Skellige Donar an Hindar
5%
Skellige Holger Czarna Ręka
5%
Skellige Kambi
5%
Scoia'tael Krasnolud harcownik
5%
Scoia'tael Łucznik z Dol Blathanna
5%
Skellige Mardroeme
5%
Scoia'tael (przywódca) Nadzieja Dol Blathanna
5%
Scoia'tael Schirrú
5%
Cesarstwo Nilfgaardu Zdezelowana mangonela
5%
Potwory (przywódca) Zdradziecki
5%
Scoia'tael Zwiadowca z Dol Blathanna
5%
Scoia'tael Brygada Vrihedd
4%
Skellige Draig Bon-Dhu
4%
Scoia'tael Filavandrel aén Fidháil
4%
Cesarstwo Nilfgaardu Morteisen
4%
Cesarstwo Nilfgaardu Renuald aep Matsen
4%
Cesarstwo Nilfgaardu Sweers
4%
Cesarstwo Nilfgaardu Vanhemar
4%
Cesarstwo Nilfgaardu Vreemde
4%
Scoia'tael Ciaran aep Easnillien
3%
Scoia'tael Riordain
3%
Skellige Tarczowniczka klanu Drummond
3%
Skellige Wojownik klanu an Craite
3%
Potwory Harpia Celaeno
2%
Skellige Hemdall
2%
Scoia'tael Kadet Vrihedd
2%
Skellige Łucznik klanu Brokvar
2%
Skellige Pirat z klanu Dimun
2%
Skellige Skald klanu Heymaey
2%
Cesarstwo Nilfgaardu Brygada Imperialna
1%
Skellige Płatnerz klanu Tordarroch
1%
Nie znaleziono quizów pasujących do podanych kryteriów
Rozkład punktacji
Procent ludzi z każdym wynikiem
Percentyl według liczby udzielonych odpowiedzi
Twoja historia wyników
Nie rozwiązałeś tego quizu